The Adventures of Col. Daniel Boon Containing a Narrative of the Wars of Kentucke
Saved in:
| Main Author: | |
|---|---|
| Format: | Electronic eBook |
| Language: | English |
| Published: |
Project Gutenberg,
2006
|
| Series: | Project Gutenberg
909 |
| Subjects: | |
| Online Access: | http://www.gutenberg.org/etext/909 Rights |
| Tags: |
Add Tag
No Tags, Be the first to tag this record!
|
| Call Number : | F396 |
MARC
| LEADER | 00000cam a22000003a 4500 | ||
|---|---|---|---|
| 001 | 66001 | ||
| 003 | MY-KLNDU | ||
| 005 | 20241219025742.0 | ||
| 008 | 210402s2006||||xxu|||||s|||||000 | eng d | ||
| 035 | |a (PGUSA)909 | ||
| 039 | 9 | |y 202104021554 |z VLOAD | |
| 040 | |a PGUSA |b eng | ||
| 042 | |a dc | ||
| 050 | 4 | |a F396 | |
| 100 | 1 | |a Filson, John, 1747?-1788 | |
| 245 | 1 | 4 | |a The Adventures of Col. Daniel Boon Containing a Narrative of the Wars of Kentucke |h [electronic resource] / |c by John, 1747?-1788 Filson |
| 260 | |b Project Gutenberg, |c 2006 | ||
| 500 | |a Project Gutenberg | ||
| 506 | |a Freely available. | ||
| 516 | |a Electronic text | ||
| 599 | |a Dummy Record | ||
| 653 | 0 | |a Boone, Daniel, 1734-1820 | |
| 653 | 0 | |a Kentucky -- History -- To 1792 | |
| 653 | 0 | |a Pioneers -- Kentucky -- Biography | |
| 653 | 0 | |a Indian captivities -- Kentucky | |
| 740 | 0 | |a The Adventures of Colonel Daniel Boon | |
| 830 | 0 | |a Project Gutenberg |v 909 | |
| 856 | 4 | 0 | |u http://www.gutenberg.org/etext/909 |
| 856 | 4 | 2 | |u http://www.gutenberg.org/license |3 Rights |
| 999 | |a vtls000077204 |c 66001 |d 66001 | ||